00581nam a2200169Ia 4500008004100000100002000041245009000061245002000151260003900171260000900210300000800219650001800227650001500245856005900260999001900319952007300338170221s9999 xx 000 0 und d aDmitry Strovsky 4aThe Russian Media Coverage of the ‘Ukrainian Issue’: the Priorities of Informing  cDmitry Strovsky bStudies in Media and Communication c2012 a4 : xCommunication xMedia Arts uhttp://redfame.com/journal/index.php/smc/issue/view/31 c309034d309034 001040aCLbCLd2017-02-21l0r2017-02-21 00:00:00w2017-02-21yFOJ